| 000 | 00331nam a22001217a 4500 | ||
|---|---|---|---|
| 008 | 181127b xxu||||| |||| 00| 0 eng d | ||
| 041 | _aeng | ||
| 080 | _a043.3 | ||
| 100 | _a0 | ||
| 101 | _aBTH-MBE | ||
| 245 |
_aFormat e pronesise ligjore ne qytetin e Ferizajit me theks te vecante ne Kompanine "BBF" _cGashi, M |
||
| 942 |
_2udc _cBK |
||
| 999 |
_c52609 _d52609 |
||